000 00546cam a2200193ua 4500
001 12215
008 200311n ii |||gr||||Z||||||eng
020 _a9788171393145
040 _cMAIN
082 _a338.9
100 _aSurya Narain Yadav,
_eAuthor.
245 _aInternational migration national security and economic development
_cBy Surya Narain Yadav and P V Khatri
250 _a1st ed.
260 _aNew Delhi:
_bJnanada prakashan,
_c2018.
300 _a296p.
653 _aProduction
700 _aP V Khatri,
_eAuthor.
942 _cBK
999 _c10975
_d10975